00283 a2200121 4500001000700000020001800007040003500025100002900060240002900089245002400118300001000142362000900152156870 a9788566653496 cEscola São Tomás de Aquino aCOELHO, Ronaldo Simões10aAmanhecer na roçalpor10aAmanhecer na roça a56 p.0 a2016